|
|
|
|
| LEADER |
00922nam a2200241 a 4500 |
| 001 |
3110633 |
| 008 |
090528s1953 nyua 001 0 eng d |
| 010 |
|
|
|a \\\55005316
|
| 040 |
|
|
|a DLC/ICU
|c ICU
|d DLC
|
| 082 |
0 |
0 |
|a 595.799
|2 15
|
| 100 |
1 |
|
|a Frisch, Karl von,
|d 1886-
|
| 240 |
1 |
0 |
|a Aus dem Leben der Bienen.
|l English
|
| 245 |
1 |
4 |
|a The dancing bees :
|b an account of the life and senses of the honey bee.
|c Translated by Dora Ilse.
|
| 250 |
|
|
|a 1st American ed.
|
| 260 |
|
|
|a New York,
|b Harcourt, Brace
|c 1953.
|
| 300 |
|
|
|a x,183 p. :
|b illus. ;
|c 21 cm.
|
| 500 |
|
|
|a Translation of Aus dem Leben der Bienen.
|
| 504 |
|
|
|a Includes index.
|
| 541 |
1 |
|
|e 00000058
|
| 650 |
|
0 |
|a Bees.
|
| 852 |
4 |
|
|a Ayesha Abed Library
|j General shelf
|
| 999 |
|
|
|c 8878
|d 8878
|
| 952 |
|
|
|0 0
|1 0
|2 ddc
|4 0
|6 595_799000000000000_FRI_1953
|7 0
|9 10825
|a BRACUL
|b BRACUL
|c GEN
|d 2010-06-09
|g 357.00
|l 1
|m 3
|o 595.799 FRI
|p 3010000058
|r 2022-09-20
|s 2022-08-29
|t 1
|w 2010-06-09
|y BK
|